| 000 | 00606nam a2200193 u 4500 | ||
|---|---|---|---|
| 005 | 20210223131612.0 | ||
| 008 | 111007s2004 r 000 0 eng d | ||
| 020 | _a8574162310 | ||
| 035 | _aUPN01000182086 | ||
| 049 | _aI | ||
| 050 | 4 |
_aPZ88 _bM8.3 |
|
| 100 | 1 | _aMunduruku, Daniel | |
| 245 | 1 | 0 |
_aHistorias que oí y me gusta contar / _cDaniel Munduruku ; il. de Rosita Campos ; tr. Lourdes Hernández Fuentes. |
| 260 |
_aSao Pablo, Bra. : _bCallis, _cc2004. |
||
| 300 |
_a41 p. : _bil. |
||
| 650 | 4 |
_aLITERATURA INFANTIL BRASILEÑA _911916 |
|
| 650 | 4 |
_aFOLKLORE - _zBRASIL _919686 |
|
| 905 | _aInfantil | ||
| 999 |
_c154189 _d154189 |
||